000 01130cam a22002655a 4500
001 ##L126984
008 040730s2004 xxks f s 000 0 eng d
020 _a1857211367X
035 _a(Sirsi) u126984
041 0 _aeng
050 0 4 _a332.6324
_c18
100 1 _aMaxted, Bill
245 0 4 _aThe UK commercial property lending market
_byear-end 2003
250 _a7th ed.
260 _aLeicester
_bDe Montfort University
_c2004
300 _a2
_fv.
_c30cm
490 _aDe Montfort University UK Commercial Property Lending Market
_vYear End 2003
520 _aDeals with the total of debt outstanding lent against commercial property, the volume of annual lending and analyses the terms on which loans have been completed. Features a high response rate from specialist property lenders together with a high level of detail in its findings.
650 2 4 _aDE MONTFORT UNIVERSITY UK COMMERICAL PROPERTY LENDING MARKET
651 4 _aUnited Kingdom
_y
690 _aPROPERTY-COMMERCIAL PROPERTY-COMMERCIAL PROPERTY FINANCE AND INVESTMENT
700 1 _aPorter, Trudi
710 2 _aDe Montfort University
_92410
942 _n0
999 _c103693
_d103693